La ordenación básica de la educación primaria. Enseñanzas mínimas, calendario y requisitos mínimos de los centros.

Guardado en:
Detalles Bibliográficos
Autor principal: Espinosa González, Antonio (autor)
Otros autores: Vidanes Díez, Julio (autor) (autor), Espinosa Cordero, Pablo (autor) (autor)
Formato: Libro
Idioma:Español
Temas:
Etiquetas: Agrega una etiqueta
Sin etiquetas, Sé el primero en etiquetar este registro!

MARC

LEADER 00000nam^a2200000^u^4500
001 000503251
005 20250521000000.0
008 080717s1000^^^^^^^^^^^^r^^^^^000^0^spa^d
009 20260310125846.615
022 |a 843310523X 
035 |a FCE 000047453 
037 |a Acervo ITESO - Biblioteca 
041 |a spa 
082 0 4 |a 372.46  |b ESPo 
100 |a Espinosa González, Antonio  |e (autor) 
245 1 3 |a La ordenación básica de la educación primaria.  |b Enseñanzas mínimas, calendario y requisitos mínimos de los centros. 
264 |a España:  |b Editorial Escuela Española,  |c 1991. 
300 |a 280 p. 
336 |a texto  |b txt  |2 rdacontenido 
337 |a sin mediación  |b n  |2 rdamedio 
338 |a volumen  |b nc  |2 rdasoporte 
649 |a XX 
650 |a Educación artística 
650 |a Literatura 
650 |a Currículo 
650 |a Matemáticas 
650 |a Educación física 
650 |a Calendario escolar 
650 |a Educación primaria 
650 |a España 
700 |a Vidanes Díez, Julio  |e (autor) 
700 |a Espinosa Cordero, Pablo  |e (autor) 
910 |a Fondo Centro de Estudios Educativos 
920 |a Impresos - Libros 
930 |a Fondos Especiales 
905 |a 133 
901 |a ALE063597  |b IT2  |c CEE  |u 20250521 
902 |a https://opac.biblio.iteso.mx/vufind/Record/000503251